Generalized concept of the reinforcement of elastomers. Part.1. Carbon black reinforcement of rubbers (Record no. 59766)

MARC details
000 -LEADER
fixed length control field 00414nam a2200133Ia 4500
100 ## - MAIN ENTRY--AUTHOR NAME
Personal name Fukahori Yoshihide
245 #0 - TITLE STATEMENT
Title Generalized concept of the reinforcement of elastomers. Part.1. Carbon black reinforcement of rubbers
260 ## - PUBLICATION, DISTRIBUTION, ETC. (IMPRINT)
Name of publisher Rubber Chemistry and Technology
Year of publication 2007
300 ## - PHYSICAL DESCRIPTION
Number of Pages 701-725
650 ## - SUBJECT ADDED ENTRY--TOPICAL TERM
Topical Term Carbon black
650 ## - SUBJECT ADDED ENTRY--TOPICAL TERM
Topical Term Elastomers
942 ## - ADDED ENTRY ELEMENTS (KOHA)
Koha item type Journals
Holdings
Withdrawn status Lost status Damaged status Not for loan Home library Current library Shelving location Date acquired Serial Enumeration / chronology Koha item type
      Journals RRII Library RRII Library Rubber technology 15/01/2008 Volume 80, Issue 4 Journals